000 006890000a22002290004500
003 LK-CoMWRAF
005 20240120141623.0
008 230817t ||||| |||| 00| 0 eng d
020 _a0415055415
040 _aLK-CoMWRAF
_dLK-CoMWRAF
_eLK-CoMWRAF
041 _aeng
082 _a297.566
_bOMR
100 _aOmran, Abdel Rahim
245 _aFamily planning in the legacy of Islam
260 _bLondon:
_aRoutledge,
_c1992
300 _axxii, 284 p. : ill. ; 25 cm
_bBibliography and index included
500 _aRAF4790- A photo copy
650 _aFamily Planning in islam
650 _aIslam; Birth control (Islamic law)
650 _aFamilies - Qur'anic teaching
942 _cBK
999 _c3183
_d3183